000 00612nam a2200265Ia 4500
005 20260306163602.0
008 008 260114s9999 xx 000 0 eng d
020 _a9781479834556
037 _aEBOOK
040 _aCRL
040 _beng
040 _cCRL
041 _2eng
041 _aeng
084 _qCRL
100 _aJackson
245 0 _aBecoming Human: Matter And Meaning In An Antiblack World
260 _bNYU Press
260 _c2021
650 _aSocial Work
856 _uhttps://academic.oup.com/book/40737
942 _cEBOOK
999 _c1710691
_d1710691